000 00533nam a2200205Ia 4500
003 GCL
008 140319s9999 xx 000 0 eng d
020 _a977581355X
040 _aGCL /
_cGCL
082 0 4 _a291
_bM Q
100 1 _aMUHAMMAD ABU LAYLAH
245 1 0 _aTHE QURAN AND THE GOSPELS /
_cMUHAMMAD ABU LAYLAH
260 _aالقاهرة :
_bAL FALAH LIBRARY ،
_c1997
300 _a16 CM ؛
_c275 P
650 0 4 _aKORAN - TAFASEER
650 0 4 _aCOMPATIBILITY
650 0 4 _aKORAN
650 0 4 _aGOSPLES
942 _2ddc
_cBK
999 _c5898
_d5898